000
00288nam a2200133Ia 4500
005
20251222154433.0
008
251222s9999||||xx |||||||||||||| ||spa||
082
_a
863/D36
100
_a
De Pablo, Gonzalo
245
0
_a
Saca
250
_a
1ra.ed.
264
_b
E. Corredor
942
_c
LIB
999
_c
36486
_d
36486